[Event "Grand Prix Riga"]
[Site "Riga LAT"]
[Date "2019.07.16"]
[EventDate "2019.07.12"]
[Round "2.2"]
[Result "1/2-1/2"]
[White "Maxime Vachier-Lagrave"]
[Black "Veselin Topalov"]
[WhiteElo "2775"]
[BlackElo "2740"]
[PlyCount "24"]

1. e4 c5 2. Nf3 d6 3. Bb5+ Nd7 4. Ba4 Nf6 5. O-O e5 6. c3 Be7
7. Re1 O-O 8. d4 Qc7 9. dxe5 Nxe5 10. Nxe5 dxe5 11. c4 Be6
12. Qe2 h6 1/2-1/2

[Event "London Chess Classic GCT Finals"]
[Site "London ENG"]
[Date "2019.12.04"]
[EventDate "2019.12.02"]
[Round "1.9"]
[Result "0-1"]
[White "Magnus Carlsen"]
[Black "Maxime Vachier-Lagrave"]
[WhiteElo "2872"]
[BlackElo "2780"]
[PlyCount "165"]

1. e4 c5 2. Nf3 d6 3. d4 cxd4 4. Nxd4 Nf6 5. Nc3 a6 6. Bg5 e6
7. f3 h6 8. Be3 b5 9. a3 Nbd7 10. Qd2 Bb7 11. O-O-O h5 12. Kb1
Be7 13. Rg1 Rc8 14. Be2 Nb6 15. Qe1 Nfd7 16. g4 hxg4 17. Rxg4
Bf8 18. Rg2 Ne5 19. f4 Nec4 20. Bc1 Qc7 21. Bxc4 Nxc4 22. Rd3
g6 23. b3 Bg7 24. Qd1 Qa5 25. f5 Ne5 26. b4 Qb6 27. fxg6 Nxg6
28. Be3 Bh6 29. Ndxb5 Bxe3 30. Nxd6+ Ke7 31. Nxb7 Ne5 32. Rxe3
Nc4 33. Rd3 Qxb7 34. Na4 Rhd8 35. Nc5 Rxd3 36. Nxd3 Nxa3+
37. Kc1 Qxe4 38. Rf2 Qe3+ 39. Kb2 Nc4+ 40. Ka2 Nd6 41. Qh5 Nf5
42. Re2 Qg1 43. Qf3 Qb6 44. Ne5 Qb5 45. c4 Qa4+ 46. Qa3 Qxa3+
47. Kxa3 f6 48. Nd3 Rxc4 49. Nc5 Nd4 50. Re4 a5 51. Ka2 Rxb4
52. Nd3 Nb5 53. Rxb4 axb4 54. Nxb4 f5 55. Kb2 Kf6 56. Kc2 Nd4+
57. Kd3 Nf3 58. h3 e5 59. Ke3 Nh4 60. Nd5+ Kg5 61. Ne7 Ng6
62. Nc8 Nf4 63. h4+ Kxh4 64. Ne7 Kg5 65. Kf3 Ng6 66. Nd5 e4+
67. Ke3 Ne5 68. Kd4 Ng4 69. Nc7 Nh2 70. Ke3 Nf1+ 71. Kf2 Nd2
72. Ke3 Nc4+ 73. Kd4 Nd6 74. Ne6+ Kg4 75. Ke3 Kg3 76. Nd4 f4+
77. Ke2 Kg2 78. Ne6 f3+ 79. Ke3 Kg3 80. Nf4 Nc4+ 81. Kxe4 f2
82. Ne2+ Kg4 83. Kd4 0-1

[Event "London Chess Classic GCT Finals"]
[Site "London ENG"]
[Date "2019.12.04"]
[EventDate "2019.12.02"]
[Round "1.10"]
[Result "1/2-1/2"]
[White "Maxime Vachier-Lagrave"]
[Black "Magnus Carlsen"]
[WhiteElo "2780"]
[BlackElo "2872"]
[PlyCount "87"]

1. e4 c5 2. Nf3 d6 3. Bb5+ Nd7 4. d4 cxd4 5. Qxd4 a6 6. Bxd7+
Qxd7 7. Nc3 e5 8. Qd3 Qc6 9. O-O Be6 10. Rd1 Rc8 11. a4 h6
12. Nd2 Nf6 13. Nf1 Be7 14. Ne3 O-O 15. Ncd5 Bxd5 16. exd5 Qd7
17. Nf5 Kh8 18. c4 e4 19. Qh3 Nh7 20. b3 Bf6 21. Ra2 b5
22. axb5 axb5 23. cxb5 Ng5 24. Qg4 Qxb5 25. Bxg5 hxg5 26. Nxd6
Qxb3 27. Nxc8 Qxa2 28. Nd6 e3 29. Qh3+ Kg8 30. Qxe3 Rd8
31. Ne4 Rxd5 32. Nxf6+ gxf6 33. Rf1 Kg7 34. h3 Qc4 35. Qf3 Qd3
36. Qxd3 Rxd3 37. Re1 Rd6 38. Rf1 Rd7 39. Re1 Rd8 40. g4 Rd7
41. Kg2 Rd8 42. Kg1 Rd7 43. Kg2 Rd8 44. Kg1 1/2-1/2

[Event "World Rapid Championship"]
[Site "Moscow RUS"]
[Date "2019.12.26"]
[EventDate "2019.12.26"]
[Round "1.2"]
[Result "1/2-1/2"]
[White "Castellanos Rodriguez, Renier"]
[Black "Vachier-Lagrave, Maxime"]
[WhiteElo "2474"]
[BlackElo "2780"]
[PlyCount "74"]

1. e4 c5 2. Nf3 d6 3. Bb5+ Nd7 4. c3 Nf6 5. Bd3 g6 6. Bc2 b5 7. d4 cxd4 8. cxd4
Bb7 9. Nbd2 Bg7 10. O-O O-O 11. Re1 Rc8 12. Bd3 a6 13. a4 b4 14. Nb3 a5 15. h3
e5 16. d5 Nh5 17. Bg5 Bf6 18. Bh6 Re8 19. Bb5 Re7 20. Rc1 Nb8 21. Qd2 Rxc1 22.
Rxc1 Rc7 23. Rxc7 Qxc7 24. Qc1 Bd8 25. Qxc7 Bxc7 26. Nfd2 f5 27. g4 Nf6 28. f3
Ba6 29. Bxa6 Nxa6 30. Be3 Kf7 31. Kf1 Nd7 32. Nc4 fxe4 33. fxe4 Nf6 34. Nbd2 Nd7
35. Nb3 Nf6 36. Nbd2 Nd7 37. Nb3 1/2-1/2

[Event "World Rapid Championship"]
[Site "Moscow RUS"]
[Date "2019.12.26"]
[EventDate "2019.12.26"]
[Round "2.38"]
[Result "1-0"]
[White "Vachier-Lagrave, Maxime"]
[Black "Tsog-Ochir Tengis"]
[WhiteElo "2780"]
[BlackElo "2190"]
[PlyCount "110"]

1. e4 e5 2. Nf3 Nc6 3. Bb5 Nf6 4. O-O Nxe4 5. Re1 Nd6 6. Nxe5 Be7 7. Bf1 Nxe5 8.
Rxe5 O-O 9. d4 Bf6 10. Re1 Nf5 11. d5 d6 12. Nd2 Bd7 13. Ne4 Re8 14. c3 g6 15.
Qf3 h5 16. g3 c6 17. Bd2 Bg7 18. Bc4 b5 19. Bg5 Qc8 20. Bb3 c5 21. Nf6+ Bxf6 22.
Bxf6 Rxe1+ 23. Rxe1 Qf8 24. Bc2 Re8 25. Re4 Nh6 26. Qe2 Rxe4 27. Bxe4 Ng4 28.
Bg5 Qe8 29. f3 f6 30. Bd2 Ne5 31. b3 g5 32. f4 Nf7 33. Kf2 f5 34. Bd3 Qxe2+ 35.
Bxe2 g4 36. a3 a5 37. b4 cxb4 38. axb4 axb4 39. c4 b3 40. cxb5 b2 41. Bd3 Bxb5
42. Bxf5 Nh6 43. Bb1 Bd7 44. Bc3 Bf5 45. Bxf5 Nxf5 46. Bxb2 Kf7 47. Ba3 Ne7 48.
Ke3 Nxd5+ 49. Ke4 Nc3+ 50. Kf5 d5 51. Bc5 Ne4 52. Be3 h4 53. Kxg4 hxg3 54. hxg3
Ke6 55. Kf3 Nd6 1-0

[Event "World Rapid Championship"]
[Site "Moscow RUS"]
[Date "2019.12.26"]
[EventDate "2019.12.26"]
[Round "3.11"]
[Result "0-1"]
[White "Alonso Rosell, Alvar"]
[Black "Vachier-Lagrave, Maxime"]
[WhiteElo "2548"]
[BlackElo "2780"]
[PlyCount "106"]

1. d4 Nf6 2. c4 g6 3. Nc3 d5 4. cxd5 Nxd5 5. e4 Nxc3 6. bxc3 Bg7 7. Be3 c5 8.
Qd2 O-O 9. Rc1 e5 10. d5 Nd7 11. Bd3 f5 12. Qc2 f4 13. Bd2 Nf6 14. Nf3 Ne8 15.
c4 Nd6 16. Bc3 Re8 17. h3 g5 18. Be2 Bd7 19. Nd2 Rf8 20. a4 b6 21. Ra1 Qe8 22.
Qd1 Rb8 23. Bg4 a6 24. Bxd7 Qxd7 25. Qg4 Qxg4 26. hxg4 b5 27. axb5 axb5 28. Ra6
Rfd8 29. Ke2 bxc4 30. Rha1 Nb5 31. Ba5 Nd4+ 32. Kf1 Rd7 33. Nxc4 Rdb7 34. Bb6
Bf8 35. f3 Nc2 36. R1a5 Ne3+ 37. Nxe3 fxe3 38. Rb5 c4 39. Ke2 Kf7 40. g3 c3 41.
Kd3 Be7 42. Kxc3 Bd8 43. Bxd8 Rxb5 44. Bxg5 Rc5+ 45. Kd3 Rb3+ 46. Ke2 Rc2+ 47.
Kd1 Rd2+ 48. Kc1 Rc3+ 49. Kb1 Rd1+ 50. Kb2 e2 51. Ra7+ Kg6 52. Bh4 Rb1+ 53. Ka2
Ra1+ 0-1

[Event "World Rapid Championship"]
[Site "Moscow RUS"]
[Date "2019.12.26"]
[EventDate "2019.12.26"]
[Round "4.4"]
[Result "1-0"]
[White "Vachier-Lagrave, Maxime"]
[Black "Viktor Laznicka"]
[WhiteElo "2780"]
[BlackElo "2648"]
[PlyCount "136"]

1. e4 d5 2. exd5 Qxd5 3. Nc3 Qa5 4. d4 Nf6 5. Bd2 Bg4 6. Be2 Bxe2 7. Qxe2 e6 8.
Ne4 Qf5 9. Nxf6+ gxf6 10. Nf3 Nc6 11. O-O-O O-O-O 12. Be3 Nb4 13. a3 Nd5 14.
Rhe1 Qg4 15. g3 Nxe3 16. fxe3 Qe4 17. Nd2 Qc6 18. Qf3 Qxf3 19. Nxf3 c5 20. dxc5
Bxc5 21. e4 b5 22. c3 Kc7 23. Kc2 a6 24. Rf1 Rxd1 25. Kxd1 Kd7 26. Ke2 Rc8 27.
Kd3 Bd6 28. b4 Ke7 29. a4 Rd8 30. axb5 axb5 31. Kc2 Rc8 32. Kb3 Be5 33. Rc1 Rc4
34. Nd2 Rc7 35. Nb1 h5 36. Na3 Rb7 37. Rc2 f5 38. exf5 exf5 39. c4 bxc4+ 40.
Nxc4 f6 41. Ne3 Ke6 42. Rc6+ Kd7 43. Rc4 Ke6 44. Ng2 Rd7 45. Nf4+ Bxf4 46. Rxf4
Rd2 47. Rh4 Rf2 48. Kc4 Kd6 49. Kb5 Kc7 50. Rxh5 f4 51. Rh7+ Kc8 52. Rf7 fxg3
53. hxg3 Rf3 54. Kc6 Kd8 55. b5 Ke8 56. Rg7 Rc3+ 57. Kb7 Kf8 58. Rc7 Rxg3 59. b6
Rb3 60. Ka7 Ra3+ 61. Kb8 Ke8 62. b7 Kd8 63. Rc6 f5 64. Rd6+ Ke7 65. Kc7 Rb3 66.
Rb6 Rc3+ 67. Rc6 Rb3 68. b8=Q 1-0

[Event "World Rapid Championship"]
[Site "Moscow RUS"]
[Date "2019.12.26"]
[EventDate "2019.12.26"]
[Round "5.2"]
[Result "1/2-1/2"]
[White "Vachier-Lagrave, Maxime"]
[Black "Ilia Smirin"]
[WhiteElo "2780"]
[BlackElo "2607"]
[PlyCount "130"]

1. e4 d6 2. d4 Nf6 3. Nc3 g6 4. Nf3 Bg7 5. Be2 O-O 6. O-O Nc6 7. d5 Nb8 8. Re1
e5 9. dxe6 Bxe6 10. Bf4 Nc6 11. Qd2 d5 12. exd5 Nxd5 13. Nxd5 Qxd5 14. c3 Qa5
15. a4 Rad8 16. Qe3 Ne7 17. Bg5 Rfe8 18. Rad1 Nd5 19. Qc1 f6 20. Bd2 Bf7 21. Qc2
c6 22. Bd3 Qc7 23. Rxe8+ Rxe8 24. g3 a5 25. Re1 Rxe1+ 26. Bxe1 Qe7 27. Bd2 Qe6
28. Nd4 Qd6 29. Qd1 f5 30. Nf3 Nb6 31. Bf4 Qd5 32. Ng5 Nxa4 33. Qxa4 Qxd3 34.
Nxf7 Kxf7 35. Qb3+ Qd5 36. Qxb7+ Kg8 37. Qb8+ Kf7 38. h4 h6 39. Be3 h5 40. Qa7+
Kg8 41. Qe7 a4 42. Qb7 Qb5 43. Qc8+ Kh7 44. Qd7 Kg8 45. Qe6+ Kh7 46. Qf7 c5 47.
Bg5 Qc6 48. Qa7 Kg8 49. Be3 Bf8 50. c4 Bg7 51. Bxc5 Bxb2 52. Qb8+ Kh7 53. Qxb2
Qxc5 54. Qb7+ Kh6 55. Qa8 Qe5 56. Qxa4 Qe1+ 57. Kg2 Qe4+ 58. Kf1 Qb1+ 59. Ke2
Qe4+ 60. Kd2 Qd4+ 61. Kc1 Qxf2 62. Qe8 Qf1+ 63. Kb2 Qf2+ 64. Kc1 Qg1+ 65. Kc2
Qf2+ 1/2-1/2

[Event "World Rapid Championship"]
[Site "Moscow RUS"]
[Date "2019.12.27"]
[EventDate "2019.12.26"]
[Round "6.4"]
[Result "1/2-1/2"]
[White "Alexander Motylev"]
[Black "Vachier-Lagrave, Maxime"]
[WhiteElo "2640"]
[BlackElo "2780"]
[PlyCount "62"]

1. e4 c5 2. Nf3 d6 3. Bb5+ Bd7 4. Bxd7+ Qxd7 5. c4 Nf6 6. Nc3 g6 7. d4 cxd4 8.
Nxd4 Bg7 9. f3 O-O 10. Be3 Nc6 11. O-O Rac8 12. b3 a6 13. Qd3 Ne5 14. Qd2 e6 15.
Rfd1 Rfd8 16. Bg5 Qe7 17. Rac1 Qf8 18. f4 Ned7 19. Nf3 b5 20. Qxd6 Qxd6 21. Rxd6
b4 22. e5 bxc3 23. Bxf6 Nxf6 24. Rxd8+ Rxd8 25. exf6 Bxf6 26. Kf1 Kf8 27. Ke2
Ke7 28. Rd1 Rc8 29. Kd3 h6 30. h4 a5 31. Kc2 1/2-1/2

[Event "World Rapid Championship"]
[Site "Moscow RUS"]
[Date "2019.12.27"]
[EventDate "2019.12.26"]
[Round "7.4"]
[Result "1/2-1/2"]
[White "Vachier-Lagrave, Maxime"]
[Black "Alexei Shirov"]
[WhiteElo "2780"]
[BlackElo "2684"]
[PlyCount "118"]

1. e4 e5 2. Nf3 Nc6 3. Bc4 Bc5 4. c3 Nf6 5. d3 O-O 6. O-O d5 7. exd5 Nxd5 8. Re1
Bg4 9. Nbd2 Nb6 10. h3 Bh5 11. Bb3 Qxd3 12. Nxe5 Qf5 13. Nef3 Rad8 14. Qe2 Qc8
15. Ne4 Be7 16. Bf4 Nd5 17. Bh2 Nf6 18. Ng3 Bg6 19. Nh4 Bd6 20. Nxg6 hxg6 21.
Qc2 Na5 22. Ba4 c5 23. Rad1 a6 24. Qc1 b5 25. Bc2 Qc7 26. Nf1 Bxh2+ 27. Nxh2
Rxd1 28. Bxd1 Re8 29. Rxe8+ Nxe8 30. Ng4 Nf6 31. Ne3 Qd6 32. Bf3 Nc6 33. Qd1
Qxd1+ 34. Nxd1 Ne5 35. Bb7 a5 36. Ba6 b4 37. f4 Ned7 38. Kf2 Kf8 39. Kf3 Ke7 40.
cxb4 cxb4 41. Ne3 Nc5 42. Bb5 Ne6 43. Bd3 a4 44. Nc2 Nd5 45. g3 Kd6 46. Bc4 Nec7
47. Ke4 Kc5 48. Kd3 f6 49. h4 Ne7 50. Nd4 Nf5 51. Nxf5 gxf5 52. Bf7 a3 53. bxa3
bxa3 54. Kc3 Nb5+ 55. Kb3 Nd4+ 56. Kxa3 Ne2 57. Kb3 Nxg3 58. Bg6 Ne2 59. a4 1/2-1/2

[Event "World Rapid Championship"]
[Site "Moscow RUS"]
[Date "2019.12.27"]
[EventDate "2019.12.26"]
[Round "8.5"]
[Result "0-1"]
[White "Alexandr Predke"]
[Black "Vachier-Lagrave, Maxime"]
[WhiteElo "2676"]
[BlackElo "2780"]
[PlyCount "138"]

1. e4 c5 2. Nc3 d6 3. Nge2 Nf6 4. g3 g6 5. Bg2 Bg7 6. O-O O-O 7. d3 Nc6 8. f4
Nd4 9. Nxd4 cxd4 10. Ne2 Bd7 11. c3 dxc3 12. Nxc3 Rc8 13. h3 b5 14. a3 a5 15.
Be3 b4 16. axb4 axb4 17. Na4 Rb8 18. Kh2 Bb5 19. Qd2 Nd7 20. Rfc1 e6 21. d4 Nf6
22. b3 Qd7 23. Nb2 Bc6 24. Qd3 Qb7 25. d5 exd5 26. Ra7 Qb5 27. Qxb5 Bxb5 28.
exd5 Rfe8 29. Nd1 Be2 30. Bg1 Ne4 31. Ne3 Bd4 32. Rac7 Nc5 33. Nc2 Bxg1+ 34.
Kxg1 Nxb3 35. Rb1 Nc5 36. Rxb4 Ra8 37. Rb2 Ra4 38. Nb4 Bc4 39. Nc6 Nd3 40. Rd2
Ne1 41. Bh1 Kf8 42. Nd4 Bd3 43. Nc6 Ra1 44. Kh2 Be4 45. Re2 Nf3+ 46. Bxf3 Bxf3
47. Rxe8+ Kxe8 48. g4 Bxd5 49. Nd4 Ra2+ 50. Rc2 Rxc2+ 51. Nxc2 Kd7 52. Nd4 Kc7
53. Kg3 Kb6 54. Kf2 Kc5 55. Ke3 Be6 56. Kd3 h6 57. Ke3 Bd7 58. Kd3 Kd5 59. Ke3
Kc4 60. Ke4 f5+ 61. gxf5 Bxf5+ 62. Nxf5 d5+ 63. Ke5 gxf5 64. Kxf5 d4 65. Kg6 d3
66. f5 d2 67. f6 d1=Q 68. f7 Qd8 69. Kg7 Qg5+ 0-1

[Event "World Rapid Championship"]
[Site "Moscow RUS"]
[Date "2019.12.28"]
[EventDate "2019.12.26"]
[Round "13.3"]
[Result "1/2-1/2"]
[White "Vachier-Lagrave, Maxime"]
[Black "Jan-Krzysztof Duda"]
[WhiteElo "2780"]
[BlackElo "2758"]
[PlyCount "104"]

1. e4 c5 2. Nf3 g6 3. c3 d5 4. exd5 Qxd5 5. d4 Bg7 6. dxc5 Qxc5 7. Be3 Qa5 8.
Bc4 Nh6 9. O-O O-O 10. Re1 Nc6 11. Na3 Bg4 12. h3 Rad8 13. Qe2 Bc8 14. Bb3 Nf5
15. Bf4 Qc5 16. Nc4 b5 17. Nce5 Nxe5 18. Nxe5 a5 19. a3 e6 20. Rad1 Qb6 21. Bc2
f6 22. Nf3 e5 23. Bc1 Be6 24. Rxd8 Rxd8 25. Rd1 Rc8 26. g4 Nd6 27. g5 Nf7 28.
gxf6 Bxf6 29. Nh2 Bxh3 30. Bb3 a4 31. Be3 Qc7 32. Bd5 Kg7 33. Qxb5 Rb8 34. Qe2
h5 35. Rd2 Nd6 36. Qa6 Bd7 37. Qa7 Qxa7 38. Bxa7 Rc8 39. Bg2 Be7 40. Nf3 e4 41.
Bd4+ Kf8 42. Ne5 Bf5 43. Be3 Kg7 44. Rd5 Kf6 45. Ra5 Ke6 46. Ra7 Nb5 47. Rxa4
Nxc3 48. bxc3 Kxe5 49. Bd4+ Kf4 50. Be3+ Ke5 51. Bd4+ Kf4 52. Be3+ Ke5 1/2-1/2

[Event "World Rapid Championship"]
[Site "Moscow RUS"]
[Date "2019.12.28"]
[EventDate "2019.12.26"]
[Round "14.2"]
[Result "1-0"]
[White "Vladislav Artemiev"]
[Black "Vachier-Lagrave, Maxime"]
[WhiteElo "2731"]
[BlackElo "2780"]
[PlyCount "58"]

1. Nf3 c5 2. b3 Nf6 3. Bb2 b6 4. g3 Bb7 5. Bg2 e6 6. c4 Be7 7. O-O O-O 8. Nc3 d5
9. e3 Nc6 10. cxd5 Nxd5 11. Nxd5 Qxd5 12. d4 Rac8 13. Ne5 Qxg2+ 14. Kxg2 Nxe5+
15. f3 cxd4 16. Bxd4 Nc6 17. Bc3 Bg5 18. Qe1 Rfd8 19. h4 Be7 20. Rd1 Rd5 21. e4
Rc5 22. Rd7 Ba6 23. Rf2 Bf8 24. Bb2 Bb5 25. Qd1 Nb4 26. Rd8 Nc2 27. Kh3 Rxd8 28.
Qxd8 e5 29. Bxe5 1-0

[Event "World Rapid Championship"]
[Site "Moscow RUS"]
[Date "2019.12.28"]
[EventDate "2019.12.26"]
[Round "15"]
[Result "1/2-1/2"]
[White "Vachier-Lagrave, Maxime"]
[Black "Pavel Ponkratov"]
[WhiteElo "2873"]
[BlackElo "2687"]
[PlyCount "84"]

1. e4 g6 2. d4 Bg7 3. Nc3 d5 4. Nxd5 c6 5. Ne3 Qxd4 6. Bd3 Nd7 7. Nf3 Qb6
8. O-O Qc7 9. c3 Ngf6 10. Bc2 O-O 11. Qe2 Nh5 12. Rd1 a5 13. a4 b6 14. g3
Nc5 15. Nd4 Nf6 16. Qf3 Bb7 17. Nb3 Ne6 18. h4 h5 19. Bd2 Rad8 20. Be1 Bh6
21. Qe2 c5 22. f3 Bc6 23. Nd2 Rd7 24. Ndc4 Rfd8 25. Bf2 Nf8 26. Nf1 Rxd1
27. Rxd1 Rxd1 28. Qxd1 N8d7 29. Kg2 Qb7 30. Be3 Bxe3 31. Nfxe3 Qc7 32. Qd2
Kg7 33. Nd5 Bxd5 34. exd5 Ne8 35. Qg5 Nef6 36. Ne3 Qe5 37. Kf2 Qxg5 38.
hxg5 Ne8 39. f4 Nd6 40. Bd3 f6 41. gxf6+ Nxf6 42. Kf3 Kh6 1/2-1/2

[Event "Magnus Carlsen Invitational"]
[Site "chess24.com INT"]
[Date "2020.04.19"]
[EventDate "2020.04.18"]
[Round "1.1"]
[Result "1-0"]
[White "Maxime Vachier-Lagrave"]
[Black "Anish Giri"]
[WhiteElo "2778"]
[BlackElo "2764"]
[PlyCount "117"]

1. d4 Nf6 2. c4 e6 3. Nc3 Bb4 4. Qc2 O-O 5. e4 d5 6. e5 Ne4
7. Bd3 c5 8. Nf3 cxd4 9. Nxd4 Nd7 10. Bf4 Qh4 11. g3 Qh5
12. O-O g5 13. cxd5 gxf4 14. dxe6 Nxc3 15. exd7 fxg3 16. hxg3
Bxd7 17. bxc3 Rac8 18. Qd1 Qxd1 19. Raxd1 Bxc3 20. Bf5 Rc4
21. Bxd7 Rxd4 22. Rxd4 Bxd4 23. Re1 Rd8 24. Ba4 Rd5 25. e6
fxe6 26. Rxe6 Re5 27. Rd6 Bc5 28. Rd2 Kg7 29. Kg2 b6 30. Bb3
h6 31. f4 Re3 32. Rd7+ Re7 33. Rd8 Bb4 34. Kf3 Be1 35. g4 Bc3
36. Rd6 Bf6 37. Be6 Rc7 38. Ke4 Be7 39. Rd3 Kf6 40. Bb3 b5
41. Rd5 Rc5 42. Rd7 a5 43. Ra7 a4 44. Bd5 Rc1 45. Ra6+ Kg7
46. Kf5 Rc7 47. Ra5 Rc5 48. Ke6 Bd8 49. Ra8 Bh4 50. Ra7+ Kf8
51. Rh7 Bg3 52. f5 Rc7 53. Rxh6 Re7+ 54. Kf6 Be5+ 55. Kg5 Rg7+
56. Rg6 Ke7 57. Rxg7+ Bxg7 58. Bc6 a3 59. Bxb5 1-0

[Event "Magnus Carlsen Invitational"]
[Site "chess24.com INT"]
[Date "2020.04.19"]
[EventDate "2020.04.18"]
[Round "1.2"]
[Result "0-1"]
[White "Anish Giri"]
[Black "Maxime Vachier-Lagrave"]
[WhiteElo "2764"]
[BlackElo "2778"]
[PlyCount "52"]

1. d4 d5 2. c4 c6 3. Nf3 Nf6 4. Nc3 e6 5. Bg5 h6 6. Bxf6 Qxf6
7. e3 g6 8. Ne5 Bg7 9. f4 O-O 10. Qc2 c5 11. dxc5 Nc6 12. Nxc6
bxc6 13. Bd3 Qe7 14. Na4 e5 15. fxe5 Qxe5 16. O-O Qxe3+
17. Kh1 Be6 18. cxd5 Bxd5 19. Bc4 Rad8 20. Rae1 Qg5 21. Re2
Bxc4 22. Qxc4 Rd4 23. Qa6 Be5 24. g3 Qh5 25. Rg2 Rd1 26. Qc4
Qf3 0-1

[Event "Magnus Carlsen Invitational"]
[Site "chess24.com INT"]
[Date "2020.04.19"]
[EventDate "2020.04.18"]
[Round "1.3"]
[Result "1/2-1/2"]
[White "Maxime Vachier-Lagrave"]
[Black "Anish Giri"]
[WhiteElo "2778"]
[BlackElo "2764"]
[PlyCount "184"]

1. e4 c5 2. Nf3 Nc6 3. c3 Nf6 4. e5 Nd5 5. d4 cxd4 6. cxd4 d6
7. Bc4 Nb6 8. Bb5 dxe5 9. Nxe5 Bd7 10. Nxd7 Qxd7 11. Nc3 e6
12. O-O Rd8 13. Qf3 Be7 14. Be3 O-O 15. Rfd1 a6 16. Bxc6 bxc6
17. Qe2 Qb7 18. Rac1 a5 19. b3 Ra8 20. h3 Rfc8 21. Rc2 a4
22. Nxa4 Nxa4 23. bxa4 Rxa4 24. Rdc1 Ba3 25. Rc4 Bxc1 26. Rxa4
Bxe3 27. Qxe3 h6 28. Qb3 Qxb3 29. axb3 Kf8 30. Kf1 Rb8 31. Ra6
Rxb3 32. Rxc6 Rb4 33. Rc8+ Ke7 34. Rc7+ Ke8 35. g3 Rxd4 36. h4
Rd7 37. Rc5 Ke7 38. Kg2 Rd5 39. Rc7+ Kf6 40. Ra7 Rb5 41. Rc7
Rb3 42. Ra7 Rc3 43. Rb7 Rd3 44. Ra7 Rb3 45. Rc7 Ra3 46. Rb7
Kg6 47. Re7 Ra6 48. Rb7 Kf6 49. Rc7 g5 50. hxg5+ hxg5 51. g4
Ra4 52. f3 Ra2+ 53. Kg3 Rd2 54. Ra7 Kg6 55. Ra8 Kg7 56. Ra7
Kf8 57. Rb7 Ke8 58. Ra7 Rd7 59. Ra5 Rd5 60. Ra7 Kf8 61. Kf2
Kg7 62. Ra8 Rd4 63. Ra5 Kg6 64. Ra8 Rd2+ 65. Kg3 Kf6 66. Ra7
Re2 67. Rb7 Kg6 68. Rb8 Kg7 69. Rb5 f6 70. Rb7+ Kg6 71. Re7 e5
72. Kh3 Ra2 73. Kg3 Ra8 74. Rb7 Rf8 75. Kf2 Rf7 76. Rb6 Rd7
77. Ke3 Kf7 78. Ra6 Ke7 79. Rb6 Rd6 80. Rb5 Ke6 81. Ra5 Rb6
82. Kf2 Kd6 83. Ke3 Rc6 84. Kf2 Kc7 85. Ke3 Kd6 86. Kf2 Rb6
87. Ke3 Kc6 88. Kf2 Rb2+ 89. Ke3 Rb3+ 90. Kf2 Rb5 91. Ra6+ Rb6
92. Ra5 Kd6 1/2-1/2

[Event "Magnus Carlsen Invitational"]
[Site "chess24.com INT"]
[Date "2020.04.19"]
[EventDate "2020.04.18"]
[Round "1.4"]
[Result "1/2-1/2"]
[White "Anish Giri"]
[Black "Maxime Vachier-Lagrave"]
[WhiteElo "2764"]
[BlackElo "2778"]
[PlyCount "93"]

1. d4 Nf6 2. c4 e6 3. Nf3 d5 4. g3 Be7 5. Bg2 O-O 6. O-O dxc4
7. Qc2 a6 8. a4 Bd7 9. Qxc4 Bc6 10. Bg5 Bd5 11. Qc2 Be4
12. Qc1 h6 13. Bxf6 Bxf6 14. Nbd2 Bc6 15. Qc3 a5 16. Rfd1 Nd7
17. Nc4 Bd5 18. Nxa5 c5 19. Nb3 Qb6 20. Nxc5 Nxc5 21. Qxc5
Qxc5 22. dxc5 Bxb2 23. Rab1 Bc3 24. Nd2 Bxg2 25. Kxg2 Rxa4
26. Nf3 Rc4 27. Rb5 Rc8 28. Rxb7 R4xc5 29. Rdd7 Rf8 30. g4
Rcc8 31. h4 Rcd8 32. g5 Rxd7 33. Rxd7 hxg5 34. hxg5 g6 35. Rc7
Bg7 36. Nd2 Rd8 37. Ne4 Kf8 38. e3 Be5 39. Ra7 Bg7 40. Kf3 Be5
41. Kg4 Bg7 42. Ra6 Ke7 43. Ra7+ Rd7 44. Ra8 Rd8 45. Ra7+ Rd7
46. Ra8 Rd8 47. Ra7+ 1/2-1/2

[Event "Magnus Carlsen Invitational"]
[Site "chess24.com INT"]
[Date "2020.04.21"]
[EventDate "2020.04.18"]
[Round "2.1"]
[Result "0-1"]
[White "Ian Nepomniachtchi"]
[Black "Maxime Vachier-Lagrave"]
[WhiteElo "2784"]
[BlackElo "2778"]
[PlyCount "116"]

1. c4 c6 2. Nf3 d5 3. g3 Nf6 4. Bg2 dxc4 5. O-O Nbd7 6. Na3
Nb6 7. Qc2 Be6 8. Ng5 Bg4 9. Nxc4 Bxe2 10. Ne5 Bh5 11. Re1 h6
12. Ngxf7 Bxf7 13. b4 a6 14. a4 g5 15. Ba3 Bg7 16. Ng6 Bxg6
17. Qxg6+ Kf8 18. b5 Nbd5 19. bxc6 bxc6 20. Rab1 Qd7 21. Rb3
Kg8 22. Reb1 Qe8 23. Qd3 Rh7 24. Bb2 Bf8 25. Be5 Nd7 26. Bxd5+
cxd5 27. Qxd5+ e6 28. Qd4 Rf7 29. Bd6 Bxd6 30. Qxd6 Qe7
31. Qc6 Raf8 32. Re3 Rxf2 33. Rxe6 Qf7 34. Qe4 Nf6 35. Qc4 Rf3
36. Kg2 g4 37. Rbb6 Kh8 38. h3 Nh7 39. Qd4+ Qg7 40. Qxg7+ Kxg7
41. Re7+ Kh8 42. Re2 gxh3+ 43. Kxh3 R3f6 44. Rb7 Rg6 45. Ra7
Ng5+ 46. Kg2 Rgf6 47. d4 R8f7 48. Ra8+ Kg7 49. d5 Rd7 50. Rd2
Rfd6 51. g4 Ne4 52. Rc2 Nf6 53. Rc6 Rxd5 54. Raxa6 Rd2+
55. Kg3 R7d3+ 56. Kf4 Rf2+ 57. Ke5 Re2+ 58. Kf4 Nd5+ 0-1

[Event "Magnus Carlsen Invitational"]
[Site "chess24.com INT"]
[Date "2020.04.21"]
[EventDate "2020.04.18"]
[Round "2.2"]
[Result "1/2-1/2"]
[White "Maxime Vachier-Lagrave"]
[Black "Ian Nepomniachtchi"]
[WhiteElo "2778"]
[BlackElo "2784"]
[PlyCount "123"]

1. e4 e6 2. d4 d5 3. Nc3 Bb4 4. e5 c5 5. a3 Bxc3+ 6. bxc3 Ne7
7. h4 Qc7 8. h5 h6 9. Rb1 b6 10. Qg4 Rg8 11. Bb5+ Kf8 12. Bd3
Ba6 13. dxc5 Bxd3 14. cxd3 Nd7 15. d4 bxc5 16. Ne2 Rb8
17. Rxb8+ Qxb8 18. O-O c4 19. Rd1 Qb1 20. Rd2 Nb6 21. Rb2 Qd3
22. Bd2 Ke8 23. Nf4 Qe4 24. f3 Qh7 25. a4 Kd7 26. a5 Na8
27. Qg3 Nc7 28. Qe1 Nc6 29. Qa1 Rb8 30. Rxb8 Nxb8 31. Qa3 Qg8
32. Qc5 a6 33. Bc1 Nb5 34. Nxd5 exd5 35. Qxd5+ Kc8 36. Qxc4+
Kb7 37. Qb3 Nc6 38. c4 Nxd4 39. Qd3 Nc3 40. Bb2 Nce2+ 41. Kf2
Qd8 42. Qe4+ Kc7 43. Ba3 Qg5 44. Bd6+ Kd7 45. Qb7+ Ke8
46. Qc8+ Qd8 47. Qxd8+ Kxd8 48. Ke3 Kd7 49. g4 g6 50. Bc5 Nb3
51. Kxe2 gxh5 52. Bb6 hxg4 53. fxg4 Ke6 54. Kd3 Kxe5 55. Kc3
Nc1 56. Be3 Ne2+ 57. Kd3 Ng3 58. Bxh6 Ne4 59. Be3 Nd6 60. Bc5
Ne8 61. Ke3 Ke6 62. Bb6 1/2-1/2

[Event "Magnus Carlsen Invitational"]
[Site "chess24.com INT"]
[Date "2020.04.21"]
[EventDate "2020.04.18"]
[Round "2.3"]
[Result "1/2-1/2"]
[White "Ian Nepomniachtchi"]
[Black "Maxime Vachier-Lagrave"]
[WhiteElo "2784"]
[BlackElo "2778"]
[PlyCount "116"]

1. e4 c5 2. Nc3 Nc6 3. g3 g6 4. Bg2 Bg7 5. Nge2 d6 6. O-O e6
7. d3 Nge7 8. Be3 Nd4 9. Qd2 O-O 10. h3 Bd7 11. Kh2 Bc6 12. a4
d5 13. Bg5 Nxe2 14. Qxe2 d4 15. Nb1 Qd7 16. a5 e5 17. Na3 Nc8
18. Nc4 Nd6 19. Nxd6 Qxd6 20. Qd2 f5 21. exf5 Bxg2 22. Kxg2
gxf5 23. Rae1 Rae8 24. Qd1 Qg6 25. Bd2 e4 26. Bf4 Re6 27. Qd2
Rfe8 28. b4 Rc6 29. bxc5 Rxc5 30. Qb4 Qc6 31. Kg1 Rxc2 32. Rc1
Rc3 33. Rxc3 dxc3 34. d4 Qd5 35. Qxc3 Bxd4 36. Qd2 Rd8 37. Be3
Bf6 38. Qb4 a6 39. Rb1 Rd7 40. Rc1 Kf7 41. Kh2 Qb5 42. Qa3 Be7
43. Qc3 Bf6 44. Qc8 Qd5 45. Rc5 Qe6 46. Qb8 Be7 47. Rc1 Kg7
48. Rb1 Bd6 49. Qc8 Qf7 50. Rb6 f4 51. Bd4+ Kh6 52. g4 Kg5
53. Qh8 f3+ 54. Rxd6 Qf4+ 55. Kg1 Qc1+ 56. Kh2 Qf4+ 57. Kg1
Qc1+ 58. Kh2 Qf4+ 1/2-1/2